| 000 | 00723cam a2200229 a 4500 | ||
|---|---|---|---|
| 001 | 000003138 | ||
| 003 | DO-SdBNP | ||
| 005 | 20210927154631.0 | ||
| 008 | 841025s1971 bo a 001 p eng | ||
| 040 |
_aDO-SdBNP _cCarP _dDLC |
||
| 041 | 1 | 7 |
_aspa _heng _2Código de idioma MARC |
| 082 |
_a811.3 _bP743c |
||
| 100 | 1 |
_aPoe, Edgar Allan, _d1809-1849. _99903 |
|
| 245 | 1 | 0 |
_a44 poemas de Edgar Allan Poe / _cEdgar Allan Poe. |
| 260 |
_aLa Paz, Bolivia : _bLos Amigos del Libro, _c1971. |
||
| 300 |
_a175 p. : _bil. ; _c19 cm. |
||
| 650 | 4 |
_aPoesía estadounidense _96278 |
|
| 650 | 0 |
_aLiteratura estadounidenses _99904 |
|
| 700 | 0 |
_aMariaca G. Raúl, _etr. _99905 |
|
| 910 | _aCatalogación por copia / LC | ||
| 942 |
_2ddc _cLBS1 |
||
| 999 |
_c2969 _d2969 |
||